[Event "25th Abu Dhabi Master 2018"]
[Site "Abu Dhabi"]
[Date "2018.08.08"]
[Round "2"]
[White "Soumya, Swaminathan"]
[Black "Fier, Alexandr"]
[Result "1/2-1/2"]
[WhiteElo "2361"]
[BlackElo "2561"]
[Annotator "ChessBase"]
[PlyCount "143"]
[EventDate "2018.08.05"]
[EventType "swiss"]
[EventCountry "UAE"]
[SourceTitle "playchess.com"]
[Source "ChessBase"]
[SourceQuality "1"]
[TimeControl "5400+30"]

1. e4 {[%emt 0:01:09]} c5 {[%emt 0:00:00]} 2. Nf3 {[%emt 0:00:30]} Nc6 {[%emt 0:00:00]} 3. Nc3 {[%emt 0:00:53]} g6 {[%emt 0:00:21]} 4. d4 {[%emt 0:00:18]} cxd4 {[%emt 0:00:05]} 5. Nxd4 {[%emt 0:00:03]} Bg7 {[%emt 0:00:07]} 6. Be3 {[%emt 0:00:12]} Nf6 {[%emt 0:00:05]} 7. Bc4 {[%emt 0:00:59]} O-O {[%emt 0:00:06]} 8. Bb3 {[%emt 0:00:03]} Re8 {[%emt 0:01:20]} 9. f3 {[%emt 0:04:50]} e6 {[%emt 0:00:14]} 10. O-O {[%emt 0:08:11]} d5 {[%emt 0:02:13]} 11. exd5 {[%emt 0:00:19]} Nxd5 {[%emt 0:00:04]} 12. Nxd5 {[%emt 0:01:25]} exd5 {[%emt 0:00:05]} 13. Bf2 {[%emt 0:00:04]} Qg5 {[%emt 0:00:05]} 14. c3 {[%emt 0:17:06]} Be5 {[%emt 0:06:06]} 15. h4 {[%emt 0:07:18]} Qf4 {[%emt 0:03:12]} 16. g3 {[%emt 0:00:26]} Qf6 {[%emt 0:00:03]} 17. f4 {[%emt 0:09:38]} Bxd4 {[%emt 0:13:43]} 18. Bxd4 {[%emt 0:00:25]} Qd6 {[%emt 0:00:58]} 19. Bf2 {[%emt 0:01:46]} Be6 {[%emt 0:03:04]} 20. Re1 {[%emt 0:05:24]} Red8 {[%emt 0:03:30]} 21. Qf3 {[%emt 0:02:12]} Bf5 {[%emt 0:02:35]} 22. Bxd5 {[%emt 0:00:37]} h5 {[%emt 0:04:37]} 23. Bc4 {[%emt 0:13:06]} Bg4 {[%emt 0:00:45]} 24. Qe4 {[%emt 0:00:24]} Bf5 {[%emt 0:01:30]} 25. Qe3 {[%emt 0:00:40]} Qd7 {[%emt 0:00:11]} 26. b4 {[%emt 0:01:27]} Rac8 {[%emt 0:02:34]} 27. Bb3 {[%emt 0:03:26]} Bg4 {[%emt 0:00:44]} 28. Qe4 {[%emt 0:06:51]} Bf5 {[%emt 0:00:13]} 29. Qg2 {[%emt 0:04:50]} Bh3 {[%emt 0:00:19]} 30. Qh1 {[%emt 0:00:22]} Bg4 {[%emt 0:00:13]} 31. Rac1 {[%emt 0:04:17]} b6 {[%emt 0:02:32]} 32. Qe4 {[%emt 0:01:34]} Bf5 {[%emt 0:00:10]} 33. Qf3 {[%emt 0:01:35]} Bg4 {[%emt 0:00:04]} 34. Qe4 {[%emt 0:00:04]} Qd6 {[%emt 0:03:52]} 35. a4 {[%emt 0:00:55]} Qf6 {[%emt 0:01:05]} 36. Bd5 {[%emt 0:01:45]} Qd6 {[%emt 0:03:15]} 37. Bxc6 {[%emt 0:00:25]} Rxc6 {[%emt 0:01:28]} 38. Bd4 {[%emt 0:00:13]} Qd7 {[%emt 0:00:01]} 39. Qe5 {[%emt 0:00:39]} f6 {[%emt 0:00:03]} 40. Qe4 {[%emt 0:00:30]} Kf7 {[%emt 0:00:02]} 41. Ra1 {[%emt 0:00:33]} Re6 {[%emt 0:00:55]} 42. Qg2 {[%emt 0:00:11]} Rde8 {[%emt 0:01:05]} 43. Qf1 {[%emt 0:00:23]} Be2 {[%emt 0:08:50]} 44. Qf2 {[%emt 0:00:37]} Ba6 {[%emt 0:00:02]} 45. Rxe6 {[%emt 0:00:20]} Qxe6 {[%emt 0:00:04]} 46. a5 {[%emt 0:01:35]} Bb7 {[%emt 0:01:40]} 47. axb6 {[%emt 0:00:17]} axb6 {[%emt 0:03:41]} 48. Bxb6 {[%emt 0:02:13]} Qh3 {[%emt 0:02:50]} 49. Qh2 {[%emt 0:00:07]} Qg4 {[%emt 0:00:01]} 50. Qf2 {[%emt 0:00:09]} Bd5 {[%emt 0:03:29]} 51. c4 {[%emt 0:01:04]} Bb7 {[%emt 0:01:12]} 52. b5 {[%emt 0:00:43]} Kg8 {[%emt 0:03:46]} 53. Re1 {[%emt 0:00:06]} Ra8 {[%emt 0:01:09]} 54. Qe3 {[%emt 0:01:04]} Kh7 {[%emt 0:03:36]} 55. Qe7+ {[%emt 0:00:40]} Kh6 {[%emt 0:00:02]} 56. Qxb7 {[%emt 0:00:05]} Qxg3+ {[%emt 0:00:01]} 57. Kf1 {[%emt 0:00:09]} Ra2 {[%emt 0:00:02]} 58. Be3 {[%emt 0:00:44]} Qh3+ {[%emt 0:01:33]} 59. Kg1 {[%emt 0:00:03]} Qxh4 {[%emt 0:00:08]} 60. Kf1 {[%emt 0:00:42]} Qh3+ {[%emt 0:02:26]} 61. Kg1 {[%emt 0:00:03]} Qg3+ {[%emt 0:00:03]} 62. Kf1 {[%emt 0:00:05]} h4 {[%emt 0:00:25]} 63. f5+ {[%emt 0:01:42]} g5 {[%emt 0:00:03]} 64. Qc6 {[%emt 0:00:19]} Qh3+ {[%emt 0:02:23]} 65. Kg1 {[%emt 0:00:03]} Qg4+ {[%emt 0:00:02]} 66. Kh1 {[%emt 0:01:23]} Qxf5 {[%emt 0:00:01]} 67. b6 {[%emt 0:00:22]} Kh5 {[%emt 0:08:36]} 68. b7 {[%emt 0:00:29]} Qh3+ {[%emt 0:03:20]} 69. Kg1 {[%emt 0:00:03]} Qg3+ {[%emt 0:00:06]} 70. Kf1 {[%emt 0:00:02]} Qh3+ {[%emt 0:03:06]} 71. Kg1 {[%emt 0:00:02]} Qg3+ {[%emt 0:00:05]} 72. Kf1 {[%emt 0:00:05]} 1/2-1/2

[Event "25th Abu Dhabi Master 2018"]
[Site "Abu Dhabi"]
[Date "2018.08.08"]
[Round "2"]
[White "Kulkarni, Chinmay"]
[Black "Nihal Sarin"]
[Result "0-1"]
[WhiteElo "2355"]
[BlackElo "2556"]
[Annotator "ChessBase"]
[PlyCount "92"]
[EventDate "2018.08.05"]
[EventType "swiss"]
[EventCountry "UAE"]
[SourceTitle "playchess.com"]
[Source "ChessBase"]
[SourceQuality "1"]
[TimeControl "5400+30"]

1. e4 {[%emt 0:00:00]} c5 {[%emt 0:00:02]} 2. Nf3 {[%emt 0:00:12]} d6 {[%emt 0:00:09]} 3. d4 {[%emt 0:00:06]} cxd4 {[%emt 0:00:06]} 4. Nxd4 {[%emt 0:00:05]} Nf6 {[%emt 0:00:06]} 5. Nc3 {[%emt 0:00:06]} g6 {[%emt 0:00:06]} 6. Be3 {[%emt 0:01:17]} Bg7 {[%emt 0:00:14]} 7. f3 {[%emt 0:00:13]} a6 {[%emt 0:00:11]} 8. Qd2 {[%emt 0:00:30]} h5 {[%emt 0:01:01]} 9. Bc4 {[%emt 0:02:21]} Nbd7 {[%emt 0:00:41]} 10. O-O-O {[%emt 0:00:12]} b5 {[%emt 0:02:08]} 11. Bb3 {[%emt 0:06:01]} Bb7 {[%emt 0:01:41]} 12. Nd5 {[%emt 0:09:46]} Nc5 {[%emt 0:38:04]} 13. Kb1 {[%emt 0:11:32]} Rc8 {[%emt 0:12:35]} 14. Bg5 {[%emt 0:02:43]} e6 {[%emt 0:06:43]} 15. Nxf6+ {[%emt 0:03:08]} Bxf6 {[%emt 0:00:07]} 16. h4 {[%emt 0:00:44]} Qe7 {[%emt 0:09:31]} 17. Rhe1 {[%emt 0:06:06]} Rd8 {[%emt 0:01:34]} 18. Bd5 {[%emt 0:04:13]} Bxg5 {[%emt 0:03:05]} 19. hxg5 {[%emt 0:00:49]} e5 {[%emt 0:05:20]} 20. Nc6 {[%emt 0:08:44]} Bxc6 {[%emt 0:00:07]} 21. Bxc6+ {[%emt 0:00:03]} Kf8 {[%emt 0:00:01]} 22. f4 {[%emt 0:00:45]} exf4 {[%emt 0:08:49]} 23. Qc3 {[%emt 0:11:34]} Kg8 {[%emt 0:00:12]} 24. e5 {[%emt 0:01:29]} Kh7 {[%emt 0:00:57]} 25. Bd5 {[%emt 0:07:54]} Rhe8 {[%emt 0:01:50]} 26. exd6 {[%emt 0:00:51]} Qxd6 {[%emt 0:00:09]} 27. Rxe8 {[%emt 0:02:29]} Rxe8 {[%emt 0:00:01]} 28. Bf3 {[%emt 0:00:21]} Qe5 {[%emt 0:00:16]} 29. Qb4 {[%emt 0:01:43]} Qxg5 {[%emt 0:01:57]} 30. a3 {[%emt 0:01:11]} Qe5 {[%emt 0:01:52]} 31. Bc6 {[%emt 0:04:53]} Re7 {[%emt 0:00:26]} 32. Bd5 {[%emt 0:00:39]} Ne4 {[%emt 0:00:44]} 33. Bb3 {[%emt 0:00:37]} Nc5 {[%emt 0:00:52]} 34. Bd5 {[%emt 0:00:14]} Ne4 {[%emt 0:00:04]} 35. Bb3 {[%emt 0:00:21]} Kg7 {[%emt 0:00:30]} 36. Rd8 {[%emt 0:00:22]} Qc5 {[%emt 0:00:45]} 37. Qe1 {[%emt 0:01:26]} Ng3 {[%emt 0:00:07]} 38. Qd1 {[%emt 0:01:56]} Qe3 {[%emt 0:00:53]} 39. Ka2 {[%emt 0:02:40]} Ne2 {[%emt 0:00:41]} 40. Qd6 {[%emt 0:02:21]} Nc1+ {[%emt 0:00:17]} 41. Kb1 {[%emt 0:00:06]} Nxb3 {[%emt 0:00:27]} 42. cxb3 {[%emt 0:00:03]} Qe5 {[%emt 0:00:19]} 43. Qb6 {[%emt 0:01:05]} Qf5+ {[%emt 0:00:50]} 44. Ka2 {[%emt 0:00:06]} Re1 {[%emt 0:00:28]} 45. Qd4+ {[%emt 0:01:07]} Kh6 {[%emt 0:00:05]} 46. Qh8+ {[%emt 0:00:54]} Kg5 {[%emt 0:00:02]} 0-1

[Event "25th Abu Dhabi Master 2018"]
[Site "Abu Dhabi"]
[Date "2018.08.08"]
[Round "2"]
[White "Omar, Noaman"]
[Black "Debashis, Das"]
[Result "1/2-1/2"]
[WhiteElo "2353"]
[BlackElo "2539"]
[Annotator "ChessBase"]
[PlyCount "80"]
[EventDate "2018.08.05"]
[EventType "swiss"]
[EventCountry "UAE"]
[SourceTitle "playchess.com"]
[Source "ChessBase"]
[SourceQuality "1"]
[TimeControl "5400+30"]

1. d4 {[%emt 0:06:08]} Nf6 {[%emt 0:00:00]} 2. c4 {[%emt 0:00:08]} e6 {[%emt 0:00:03]} 3. Nc3 {[%emt 0:00:08]} Bb4 {[%emt 0:00:18]} 4. Qc2 {[%emt 0:00:09]} O-O {[%emt 0:00:06]} 5. Nf3 {[%emt 0:00:26]} c5 {[%emt 0:00:08]} 6. dxc5 {[%emt 0:00:18]} Na6 {[%emt 0:00:04]} 7. g3 {[%emt 0:00:10]} Nxc5 {[%emt 0:00:04]} 8. Bg2 {[%emt 0:00:09]} b6 {[%emt 0:00:06]} 9. O-O {[%emt 0:00:13]} Bb7 {[%emt 0:00:03]} 10. Nb5 {[%emt 0:01:08]} Be4 {[%emt 0:00:06]} 11. Qd1 {[%emt 0:00:12]} Nb7 {[%emt 0:00:05]} 12. Bf4 {[%emt 0:02:40]} Rc8 {[%emt 0:07:11]} 13. Rc1 {[%emt 0:04:45]} a6 {[%emt 0:05:36]} 14. Nd6 {[%emt 0:00:53]} Nxd6 {[%emt 0:00:41]} 15. Bxd6 {[%emt 0:00:09]} Bxd6 {[%emt 0:00:04]} 16. Qxd6 {[%emt 0:00:11]} Rc6 {[%emt 0:06:37]} 17. Qd4 {[%emt 0:06:03]} Qa8 {[%emt 0:05:30]} 18. Rc3 {[%emt 0:01:47]} Rfc8 {[%emt 0:07:33]} 19. Rfc1 {[%emt 0:01:37]} h6 {[%emt 0:10:59]} 20. h3 {[%emt 0:09:26]} d6 {[%emt 0:08:09]} 21. Ne1 {[%emt 0:21:15]} d5 {[%emt 0:07:38]} 22. f3 {[%emt 0:14:54]} Bg6 {[%emt 0:02:09]} 23. cxd5 {[%emt 0:01:50]} Rxc3 {[%emt 0:02:55]} 24. Rxc3 {[%emt 0:00:03]} Rxc3 {[%emt 0:01:14]} 25. Qxc3 Qxd5 {[%emt 0:04:30]} 26. e4 {[%emt 0:04:13]} Qxa2 {[%emt 0:02:02]} 27. Nd3 {[%emt 0:01:40]} Kh7 {[%emt 0:03:52]} 28. Ne5 {[%emt 0:02:59]} Qb1+ {[%emt 0:01:29]} 29. Kh2 {[%emt 0:00:35]} Qd1 {[%emt 0:03:41]} 30. Qc7 {[%emt 0:07:57]} Qd4 {[%emt 0:04:17]} 31. Nxf7 {[%emt 0:00:27]} Bxf7 {[%emt 0:01:09]} 32. Qxf7 {[%emt 0:00:05]} e5 {[%emt 0:01:27]} 33. b3 {[%emt 0:03:35]} Qd7 {[%emt 0:02:06]} 34. Qf8 {[%emt 0:01:04]} a5 {[%emt 0:02:45]} 35. h4 {[%emt 0:00:26]} Qd4 {[%emt 0:02:30]} 36. Qb8 {[%emt 0:04:01]} Qc5 {[%emt 0:03:42]} 37. Qa7 {[%emt 0:02:41]} Qe3 {[%emt 0:02:10]} 38. Qc7 {[%emt 0:00:52]} Qc5 {[%emt 0:00:18]} 39. Qa7 {[%emt 0:00:58]} Qe3 {[%emt 0:00:47]} 40. Qc7 {[%emt 0:00:09]} Qc5 {[%emt 0:01:20]} 1/2-1/2

[Event "25th Abu Dhabi Master 2018"]
[Site "Abu Dhabi"]
[Date "2018.08.08"]
[Round "2"]
[White "Samhouri, Admah Fawzi"]
[Black "Bhambure, Shantanu"]
[Result "1/2-1/2"]
[WhiteElo "2348"]
[BlackElo "2194"]
[Annotator "NA"]
[PlyCount "72"]
[EventDate "2018.08.05"]
[EventType "swiss"]
[EventCountry "UAE"]
[SourceTitle "playchess.com"]
[Source "ChessBase"]
[SourceQuality "1"]
[TimeControl "5400+30"]

1. d4 {[%emt 0:00:00]} Nf6 {[%emt 0:00:00]} 2. c4 {[%emt 0:00:26]} e6 {[%emt 0:00:00]} 3. Nc3 {[%emt 0:02:14]} Bb4 {[%emt 0:00:03]} 4. e3 {[%emt 0:02:20]} b6 {[%emt 0:01:37]} 5. Bd3 {[%emt 0:01:52]} Bb7 {[%emt 0:00:39]} 6. Nf3 {[%emt 0:04:04]} O-O {[%emt 0:01:59]} 7. Qc2 {[%emt 0:03:09]} d5 {[%emt 0:05:38]} 8. cxd5 {[%emt 0:00:58]} exd5 {[%emt 0:00:57]} 9. O-O {[%emt 0:00:43]} Nbd7 {[%emt 0:02:32]} 10. Ne5 {[%emt 0:13:51]} c5 {[%emt 0:12:19]} 11. f4 {[%emt 0:07:02]} Re8 {[%emt 0:17:33]} 12. Bd2 {[%emt 0:01:27]} cxd4 {[%emt 0:25:30]} 13. exd4 {[%emt 0:00:05]} a6 {[%emt 0:03:38]} 14. Rae1 {[%emt 0:03:15]} Bxc3 {[%emt 0:05:40]} 15. bxc3 {[%emt 0:03:16]} Ne4 {[%emt 0:02:46]} 16. Bxe4 {[%emt 0:06:34]} dxe4 {[%emt 0:00:08]} 17. Rb1 {[%emt 0:02:50]} b5 {[%emt 0:03:45]} 18. Qd1 {[%emt 0:20:43]} Bd5 {[%emt 0:03:42]} 19. Rb2 {[%emt 0:01:55]} f6 {[%emt 0:01:45]} 20. Nxd7 {[%emt 0:01:08]} Qxd7 {[%emt 0:00:05]} 21. Re1 {[%emt 0:01:13]} Rac8 {[%emt 0:04:06]} 22. Re3 {[%emt 0:04:51]} Qf5 {[%emt 0:01:24]} 23. a4 {[%emt 0:03:40]} Bc4 {[%emt 0:00:35]} 24. Rh3 {[%emt 0:01:32]} e3 {[%emt 0:02:51]} 25. Rxe3 {[%emt 0:02:04]} Rxe3 {[%emt 0:00:19]} 26. Bxe3 {[%emt 0:00:01]} Re8 {[%emt 0:00:16]} 27. Bf2 {[%emt 0:02:43]} Qxf4 {[%emt 0:02:25]} 28. axb5 {[%emt 0:00:01]} axb5 {[%emt 0:00:16]} 29. d5 {[%emt 0:01:04]} Rd8 {[%emt 0:01:21]} 30. Rd2 {[%emt 0:00:02]} Qe5 {[%emt 0:00:38]} 31. d6 {[%emt 0:03:08]} Rd7 {[%emt 0:00:12]} 32. Bd4 {[%emt 0:01:35]} Qe4 {[%emt 0:00:45]} 33. Bf2 {[%emt 0:00:45]} Qe5 {[%emt 0:00:09]} 34. Bd4 {[%emt 0:02:52]} Qe4 {[%emt 0:00:06]} 35. Bf2 {[%emt 0:00:09]} Qe5 {[%emt 0:00:04]} 36. Bd4 {[%emt 0:02:13]} Qe4 {[%emt 0:00:04]} 1/2-1/2

[Event "25th Abu Dhabi Master 2018"]
[Site "Abu Dhabi"]
[Date "2018.08.08"]
[Round "2"]
[White "Saravana, Krishnan P"]
[Black "Aryan, Chopra"]
[Result "1/2-1/2"]
[WhiteElo "2348"]
[BlackElo "2536"]
[Annotator "ChessBase"]
[PlyCount "63"]
[EventDate "2018.08.05"]
[EventType "swiss"]
[EventCountry "UAE"]
[SourceTitle "playchess.com"]
[Source "ChessBase"]
[SourceQuality "1"]
[TimeControl "5400+30"]

1. d4 Nf6 2. c4 g6 3. g3 Bg7 4. Bg2 O-O 5. Nc3 d6 6. Nf3 Nc6 7. O-O e5 8. dxe5 Nxe5 9. Nxe5 dxe5 10. Qxd8 Rxd8 11. Bg5 Rd7 12. Rad1 c6 13. Na4 Rxd1 14. Rxd1 Be6 15. b3 Nd7 16. Nc3 f6 17. Be3 Bf8 18. Ne4 Kf7 19. f4 exf4 20. gxf4 a5 21. a4 Rc8 22. Kf2 h6 23. Nd6+ Bxd6 24. Rxd6 Ke7 25. Rd2 b6 26. Bd4 Nc5 27. Bxc5+ bxc5 28. Rd3 g5 29. Re3 Kd6 30. Rd3+ Ke7 31. Re3 Kd6 32. Rd3+ {Ke5} 1/2-1/2

[Event "25th Abu Dhabi Master 2018"]
[Site "Abu Dhabi"]
[Date "2018.08.08"]
[Round "2"]
[White "Sidhant, Mohapatra"]
[Black "Divya, Deshmukh"]
[Result "1-0"]
[WhiteElo "2341"]
[BlackElo "2172"]
[Annotator "NA"]
[PlyCount "71"]
[EventDate "2018.08.05"]
[EventType "swiss"]
[EventCountry "UAE"]
[SourceTitle "playchess.com"]
[Source "ChessBase"]
[SourceQuality "1"]
[TimeControl "5400+30"]

1. Nf3 {[%emt 0:00:53]} Nf6 {[%emt 0:00:00]} 2. d4 {[%emt 0:00:14]} g6 {[%emt 0:00:00]} 3. Bg5 {[%emt 0:00:27]} Bg7 {[%emt 0:00:00]} 4. Nbd2 {[%emt 0:00:13]} d5 {[%emt 0:00:22]} 5. e3 {[%emt 0:00:07]} O-O {[%emt 0:00:21]} 6. Bd3 {[%emt 0:00:07]} b6 {[%emt 0:02:13]} 7. Qe2 {[%emt 0:00:21]} Bb7 {[%emt 0:00:28]} 8. h4 {[%emt 0:00:34]} c5 {[%emt 0:16:35]} 9. c3 {[%emt 0:00:10]} Ne4 {[%emt 0:15:28]} 10. h5 {[%emt 0:24:23]} Nd7 {[%emt 0:10:39]} 11. hxg6 {[%emt 0:01:48]} hxg6 {[%emt 0:01:19]} 12. Bf4 {[%emt 0:09:48]} Nxd2 {[%emt 0:08:29]} 13. Qxd2 {[%emt 0:01:04]} e6 {[%emt 0:05:57]} 14. O-O-O {[%emt 0:02:45]} Qe7 {[%emt 0:01:56]} 15. Rh3 {[%emt 0:03:41]} e5 {[%emt 0:05:49]} 16. dxe5 {[%emt 0:00:44]} Nxe5 {[%emt 0:00:48]} 17. Nxe5 {[%emt 0:00:39]} Bxe5 {[%emt 0:00:04]} 18. Bxe5 {[%emt 0:00:10]} Qxe5 {[%emt 0:00:05]} 19. f4 {[%emt 0:00:05]} Qg7 {[%emt 0:05:31]} 20. f5 {[%emt 0:01:54]} Rad8 {[%emt 0:00:58]} 21. g4 {[%emt 0:01:12]} d4 {[%emt 0:00:41]} 22. exd4 {[%emt 0:01:50]} cxd4 {[%emt 0:00:25]} 23. c4 {[%emt 0:00:02]} Rfe8 {[%emt 0:02:26]} 24. Rf1 {[%emt 0:01:50]} Rd6 {[%emt 0:01:28]} 25. Qh2 {[%emt 0:05:46]} Red8 {[%emt 0:06:48]} 26. Rh6 {[%emt 0:03:43]} Re8 {[%emt 0:10:21]} 27. g5 {[%emt 0:03:21]} Qe5 {[%emt 0:00:23]} 28. fxg6 {[%emt 0:00:05]} fxg6 {[%emt 0:00:03]} 29. Rh8+ {[%emt 0:00:12]} Qxh8 {[%emt 0:00:04]} 30. Qxd6 {[%emt 0:00:05]} Qg7 {[%emt 0:01:29]} 31. Rf6 {[%emt 0:02:26]} Re1+ {[%emt 0:00:22]} 32. Kd2 {[%emt 0:00:43]} Qe7 {[%emt 0:00:13]} 33. Rxg6+ {[%emt 0:00:24]} Kf7 {[%emt 0:00:26]} 34. Qf4+ {[%emt 0:00:34]} Ke8 {[%emt 0:00:04]} 35. Qb8+ {[%emt 0:00:07]} Kf7 {[%emt 0:00:05]} 36. Qg8# {[%emt 0:00:05]} 1-0

[Event "25th Abu Dhabi Master 2018"]
[Site "Abu Dhabi"]
[Date "2018.08.08"]
[Round "2"]
[White "Ahmad, Al Khatib"]
[Black "Mendonca, Leon Luke"]
[Result "0-1"]
[WhiteElo "2336"]
[BlackElo "2168"]
[Annotator "NA"]
[PlyCount "145"]
[EventDate "2018.08.05"]
[EventType "swiss"]
[EventCountry "UAE"]
[SourceTitle "playchess.com"]
[Source "ChessBase"]
[SourceQuality "1"]
[TimeControl "5400+30"]

1. e4 {[%emt 0:00:00]} c5 {[%emt 0:00:00]} 2. Nc3 {[%emt 0:00:00]} d6 {[%emt 0:00:48]} 3. g3 {[%emt 0:00:05]} Nc6 {[%emt 0:00:19]} 4. Bg2 {[%emt 0:00:07]} g6 {[%emt 0:00:32]} 5. d3 {[%emt 0:00:07]} Bg7 {[%emt 0:00:25]} 6. f4 {[%emt 0:00:09]} e6 {[%emt 0:01:37]} 7. Nf3 {[%emt 0:01:12]} Nge7 {[%emt 0:00:28]} 8. O-O {[%emt 0:00:08]} O-O {[%emt 0:00:21]} 9. Be3 {[%emt 0:00:10]} Nd4 {[%emt 0:04:00]} 10. Bf2 {[%emt 0:01:18]} Nxf3+ {[%emt 0:08:19]} 11. Bxf3 {[%emt 0:04:23]} Nc6 {[%emt 0:00:58]} 12. e5 {[%emt 0:09:22]} Nd4 {[%emt 0:28:53]} 13. Bg2 {[%emt 0:00:57]} dxe5 {[%emt 0:07:59]} 14. fxe5 {[%emt 0:00:08]} Bxe5 {[%emt 0:08:33]} 15. Ne4 {[%emt 0:00:25]} f5 {[%emt 0:08:20]} 16. Nxc5 {[%emt 0:00:26]} Qc7 {[%emt 0:00:49]} 17. b4 {[%emt 0:07:04]} Bg7 {[%emt 0:02:22]} 18. Re1 {[%emt 0:12:04]} a5 {[%emt 0:09:03]} 19. c3 {[%emt 0:23:54]} Nb5 {[%emt 0:00:16]} 20. bxa5 {[%emt 0:15:11]} Nxc3 {[%emt 0:05:56]} 21. Qb3 {[%emt 0:02:20]} Rxa5 {[%emt 0:05:40]} 22. Nxe6 {[%emt 0:08:36]} Bxe6 {[%emt 0:00:12]} 23. Rxe6 {[%emt 0:00:40]} Qf7 {[%emt 0:04:48]} 24. Rae1 {[%emt 0:03:40]} Rxa2 {[%emt 0:00:46]} 25. Bc5 {[%emt 0:03:58]} Re2 {[%emt 0:00:31]} 26. Kf1 {[%emt 0:04:50]} Rxe1+ {[%emt 0:00:27]} 27. Kxe1 {[%emt 0:00:06]} Ra8 {[%emt 0:00:33]} 28. d4 {[%emt 0:01:53]} Ne4 {[%emt 0:00:22]} 29. Bxe4 {[%emt 0:00:38]} fxe4 {[%emt 0:00:06]} 30. Rb6 {[%emt 0:00:25]} Qxb3 {[%emt 0:00:58]} 31. Rxb3 {[%emt 0:00:04]} Ra1+ {[%emt 0:00:31]} 32. Ke2 {[%emt 0:00:08]} Bh6 {[%emt 0:00:27]} 33. d5 {[%emt 0:00:48]} Ra2+ {[%emt 0:00:29]} 34. Kf1 {[%emt 0:00:26]} Ra5 {[%emt 0:00:29]} 35. Rc3 {[%emt 0:01:04]} e3 {[%emt 0:00:36]} 36. d6 {[%emt 0:00:42]} Ra1+ {[%emt 0:00:07]} 37. Ke2 {[%emt 0:00:24]} Ra2+ {[%emt 0:00:01]} 38. Kf3 {[%emt 0:00:30]} e2 {[%emt 0:00:32]} 39. Bf2 {[%emt 0:00:27]} Rd2 {[%emt 0:01:17]} 40. Rc8+ {[%emt 0:00:16]} Bf8 {[%emt 0:00:31]} 41. Be1 {[%emt 0:00:52]} Rxd6 {[%emt 0:00:21]} 42. Kxe2 {[%emt 0:00:10]} Re6+ {[%emt 0:00:15]} 43. Kf2 {[%emt 0:00:35]} Kf7 {[%emt 0:00:23]} 44. Bd2 {[%emt 0:00:46]} Rc6 {[%emt 0:00:38]} 45. Rb8 {[%emt 0:00:11]} Bc5+ {[%emt 0:00:41]} 46. Ke2 {[%emt 0:00:21]} Rc7 {[%emt 0:00:44]} 47. Bf4 {[%emt 0:00:35]} Rd7 {[%emt 0:00:21]} 48. h4 {[%emt 0:00:41]} Ke6 {[%emt 0:00:22]} 49. h5 {[%emt 0:00:42]} gxh5 {[%emt 0:00:11]} 50. Re8+ {[%emt 0:00:16]} Kd5 {[%emt 0:00:53]} 51. Kd3 {[%emt 0:00:40]} Bd6 {[%emt 0:00:39]} 52. Bxd6 {[%emt 0:00:34]} Kxd6 {[%emt 0:00:02]} 53. Rg8 {[%emt 0:00:29]} Ke5+ {[%emt 0:00:10]} 54. Ke3 {[%emt 0:00:09]} Kf5 {[%emt 0:00:21]} 55. Rf8+ {[%emt 0:00:36]} Kg4 {[%emt 0:00:27]} 56. Rg8+ {[%emt 0:00:30]} Kh3 {[%emt 0:00:13]} 57. Rg5 {[%emt 0:00:44]} h4 {[%emt 0:00:20]} 58. gxh4 {[%emt 0:00:04]} Kxh4 {[%emt 0:00:03]} 59. Rg1 {[%emt 0:00:35]} h5 {[%emt 0:00:39]} 60. Ke4 {[%emt 0:00:36]} b5 {[%emt 0:00:59]} 61. Kf4 {[%emt 0:00:42]} Rf7+ {[%emt 0:00:05]} 62. Ke5 {[%emt 0:00:16]} b4 {[%emt 0:00:34]} 63. Rh1+ {[%emt 0:00:40]} Kg5 {[%emt 0:00:12]} 64. Rg1+ {[%emt 0:00:23]} Kh6 {[%emt 0:00:06]} 65. Rb1 {[%emt 0:00:40]} Rb7 {[%emt 0:00:22]} 66. Kf5 {[%emt 0:00:35]} b3 {[%emt 0:00:14]} 67. Rb2 {[%emt 0:00:05]} Rb4 {[%emt 0:00:18]} 68. Kf6 {[%emt 0:00:20]} h4 {[%emt 0:00:14]} 69. Kf5 {[%emt 0:01:02]} Kh5 {[%emt 0:00:10]} 70. Ke5 {[%emt 0:00:32]} h3 {[%emt 0:00:08]} 71. Kd5 {[%emt 0:00:08]} Kg4 {[%emt 0:00:13]} 72. Kc5 {[%emt 0:00:11]} Rb8 {[%emt 0:00:08]} 73. Kd4 0-1